000 00359 a2200157 4500
001 47189
020 _a978859855314(broch.)
040 _cAnchieta - Aquarius
100 _aCedraz, Antônio
240 1 0 _aA Turma do Xaxado
_lpor
245 1 0 _aA Turma do Xaxado
300 _a15p.
362 0 _a2013
650 4 _aLiteratura infanto-juvenil
942 _cBK
999 _c47189
_d47189